| 000 | 00746nam a2200217 4500 | ||
|---|---|---|---|
| 001 | 144786 | ||
| 003 | ES-MaACL | ||
| 005 | 20230906201110.0 | ||
| 007 | t| | ||
| 008 | 070214s1967 sp r ||||1| spa d | ||
| 100 | 1 |
_aSlater, Leonard. _9106771 |
|
| 245 | 1 | 0 |
_aAli Khan _b: príncipe divino, aventurero, diplomático y quizás el primer galán de nuestro tiempo / _cLeonard Slater ; [versión... Mercedes Montané]. |
| 250 | _a1ª ed. | ||
| 260 |
_aBarcelona ; _aMéxico : _bGrijalbo, _c1967 ( _fUniversidad) |
||
| 300 |
_a328 p., 4 lám. ; _c22 cm. |
||
| 490 | 1 | _aBiografías Gandesa | |
| 700 | 1 |
_aMontané, Mercedes. _982363 |
|
| 830 | 0 |
_aBiografías Gandesa _9182648 |
|
| 852 |
_aES-MaACL _jC-31277 _bR.61502 |
||
| 999 |
_c144786 _d144786 |
||